000 01066nam a2200301 i 4500
001 bg
003 BPK
005 20190725095258.0
008 981209s1998 pl a f f |001 0 pol
015 _aPB 1998/16255
020 _a8301125667
040 _aWA N
_cBPK
041 0 _apol
080 _a581.1
080 _a(075.8)
245 0 0 _aPodstawy fizjologii roślin :
_bpraca zbiorowa /
_cpod red. Jana Kopcewicza i Stanisława Lewaka ; [aut. Halina Gabryś et al.].
260 _aWarszawa :
_bWydaw. Naukowe PWN,
_c1998.
300 _a724, [1] s. :
_bfot., rys., wykr. ;
_c25 cm.
504 _aBibliogr. przy rozdz. - Indeks.
650 4 _aRośliny
_xfizjologia.
655 4 _aPodręczniki akademickie
700 1 _aKopcewicz, Jan
_d(1940- ).
_eRed.
700 1 _aLewak, Stanisław
_d(1930- ).
_eRed.
700 1 _aGabryś, Halina
_d(1947- ).
710 2 _aWydawnictwo Naukowe PWN
_4pbl.
856 _uhttp://koha.tu.koszalin.pl/cgi-bin/koha/opac-detail.pl?biblionumber=34184
_yKatalog online BPK
942 _2UKD
_cKS
999 _c34184
_d34184